Química analítica cuantitativa : teoría y práctica

Bibliographic Details
Main Authors: Vogel, Arthur I.
Format: Section = Libro
Language:Undetermined
Spanish
Published: Buenos Aires Kapelusz 1960
Subjects:
LEADER 00477nam a2200181Ia 4500
008 240830s9999 xx 000 0 und d
040 |a CEDOC FIQ-RUSB / 545 V878 
041 |a spa 
082 |a 545 V878 
100 1 |a Vogel 
100 1 |b Arthur I. 
245 1 0 |a Química analítica cuantitativa : teoría y práctica 
260 |a Buenos Aires  |b Kapelusz  |c 1960 
300 |a 812 p. : il 
650 7 |a QUIMICA ANALITICA CUANTITATIVA 
942 |c BK  |2 ddc 
991 |a TEXTO 
999 |c 13740